[Event "Malaga op 15th"]
[Site "Malaga"]
[Date "2021.10.31"]
[Round "5"]
[White "Garrido Collantes, Jose Manuel"]
[Black "Cesar Maestre, Bernardo"]
[Result "0-1"]
[WhiteElo "1925"]
[BlackElo "2318"]
[PlyCount "98"]
[EventDate "2021.10.29"]
[EventType "swiss"]
[EventRounds "7"]
[EventCountry "ESP"]
[SourceTitle "CBM 204 Extra"]
[Source "ChessBase"]
[SourceDate "2021.11.30"]
[SourceVersion "1"]
[SourceVersionDate "2021.11.30"]
[SourceQuality "1"]

1. d4 Nf6 2. Bf4 e6 3. e3 c5 4. c3 Nc6 5. Nd2 d5 6. Ngf3 cxd4 7. exd4 Nh5 8. Bg5 f6 9. Ne5 g6 10. Nxc6 bxc6 11. Bh4 Bd6 12. Be2 Ng7 13. 0-0 Nf5 14. Bg3 Nxg3 15. hxg3 0-0 16. Bg4 f5 17. Be2 g5 18. f4 Qc7 19. Rf3 gxf4 20. gxf4 Bxf4 21. Nb3 Rf6 22. Qd3 Rg6 23. Raf1 Bg3 24. Nc5 f4 25. Qd2 e5 26. dxe5 Qe7 27. Qd4 Qh4 28. Rxg3 Qxg3 29. Qf2 Bh3 30. Qxg3 Rxg3 31. Bf3 Re8 32. Kf2 Bg4 33. Re1 Bxf3 34. gxf3 Rg5 35. e6 Rg6 36. b4 Kg7 37. a4 Rh6 38. Rg1+ Kf6 39. Ke2 Rh2+ 40. Kd3 Rf2 41. Rh1 Rxf3+ 42. Kd4 Rf2 43. Rd1 Kf5 44. b5 cxb5 45. axb5 Rb2 46. Kxd5 Rxb5 47. Kd6 Rxc5 48. Kxc5 Rxe6 49. Rd7 f3 0-1

[Event "Malaga op 15th"]
[Site "Malaga"]
[Date "2021.10.29"]
[Round "2"]
[White "Guadamuro Torrente, Anabel"]
[Black "Garrido Collantes, Jose Manuel"]
[Result "1-0"]
[WhiteElo "2116"]
[BlackElo "1925"]
[PlyCount "55"]
[EventDate "2021.10.29"]
[EventType "swiss"]
[EventRounds "7"]
[EventCountry "ESP"]
[SourceTitle "CBM 204 Extra"]
[Source "ChessBase"]
[SourceDate "2021.11.30"]
[SourceVersion "1"]
[SourceVersionDate "2021.11.30"]
[SourceQuality "1"]

1. e4 c5 2. d3 Nc6 3. g3 d6 4. Bg2 g6 5. f4 Bg7 6. Nf3 e6 7. 0-0 h5 8. Nc3 Nh6 9. f5 gxf5 10. Bxh6 Rxh6 11. exf5 h4 12. Nxh4 Rxh4 13. gxh4 Bd4+ 14. Kh1 Qxh4 15. Qe1 Qh7 16. Nd5 Kd8 17. Nf4 Be5 18. c3 Bd7 19. Rd1 Kc7 20. d4 Rh8 21. h3 cxd4 22. cxd4 Nxd4 23. Rxd4 Bxd4 24. fxe6 Bc6 25. Bxc6 bxc6 26. exf7 Be5 27. Ne6+ Kb7 28. Qb4+ 1-0

[Event "Andalusia-ch Rapid"]
[Site "Dos Hermanas"]
[Date "2021.06.12"]
[Round "2"]
[White "Garrido Collantes, Jose Manuel"]
[Black "Diaz Castro, Sergio"]
[Result "0-1"]
[WhiteElo "1948"]
[BlackElo "2270"]
[PlyCount "30"]
[EventDate "2021.06.12"]
[EventType "swiss (rapid)"]
[EventRounds "8"]
[EventCountry "ESP"]
[SourceTitle "CBM 203 Extra"]
[Source "ChessBase"]
[SourceDate "2021.09.30"]
[SourceVersion "1"]
[SourceVersionDate "2021.09.30"]
[SourceQuality "1"]

1. d4 g6 2. Bf4 Bg7 3. Nc3 c5 4. Nf3 cxd4 5. Nxd4 e5 6. Ndb5 exf4 7. Nd6+ Kf8 8. Qd5 Nh6 9. 0-0-0 Nc6 10. h4 Qf6 11. Nde4 Qe5 12. Qc4 d5 13. Rxd5 Qe7 14. Nc5 Nf5 15. Qxf4 Bh6 0-1

[Event "La Roda op 46th"]
[Site "La Roda"]
[Date "2019.04.17"]
[Round "1"]
[White "Espinosa Aranda, Angel"]
[Black "Garrido Collantes, Jose Manuel"]
[Result "1-0"]
[WhiteElo "2482"]
[BlackElo "1949"]
[PlyCount "37"]
[EventDate "2019.04.17"]
[EventType "swiss"]
[EventRounds "9"]
[EventCountry "ESP"]
[SourceTitle "CBM 189 Extra"]
[Source "ChessBase"]
[SourceDate "2019.05.31"]
[SourceVersion "1"]
[SourceVersionDate "2019.05.31"]
[SourceQuality "1"]

1. e4 c5 2. Nf3 d6 3. Nc3 Nf6 4. e5 dxe5 5. Nxe5 e6 6. Bb5+ Nbd7 7. d4 a6 8. Bxd7+ Nxd7 9. Qh5 Nxe5 10. dxe5 b5 11. Bg5 Qc7 12. 0-0-0 Bb7 13. Rhe1 c4 14. Ne4 Bxe4 15. Rxe4 Bc5 16. Qf3 Rc8 17. Rf4 h6 18. Rxf7 Qxe5 19. Bf4 1-0

[Event "Andalucia-chT Honor Occidental"]
[Site "Andalucia"]
[Date "2018.11.18"]
[Round "7.20"]
[White "Garrido Collantes, Jose Manuel"]
[Black "Jimenez de la Torre, Jose Antonio"]
[Result "1/2-1/2"]
[WhiteElo "1942"]
[BlackElo "2076"]
[PlyCount "54"]
[EventDate "2018.09.30"]
[EventType "team-tourn"]
[EventRounds "7"]
[EventCountry "ESP"]
[SourceTitle "EXT 2020"]
[Source "ChessBase"]
[SourceDate "2019.10.17"]
[SourceVersion "1"]
[SourceVersionDate "2019.10.17"]
[SourceQuality "1"]
[WhiteTeam "Bahia Sur Pai Hotel"]
[BlackTeam "Reina Brillante"]
[WhiteTeamCountry "ESP"]
[BlackTeamCountry "ESP"]

1. d4 Nf6 2. Bf4 e6 3. e3 c5 4. c3 d5 5. Nf3 Nc6 6. Bd3 Qb6 7. Qc2 Bd7 8. Ne5 Nxe5 9. Bxe5 c4 10. Be2 Be7 11. Nd2 0-0 12. 0-0 Rfc8 13. Rab1 Qa5 14. e4 Ba4 15. b3 cxb3 16. axb3 Bd7 17. c4 Bb4 18. Bxf6 Bxd2 19. Be7 Qc3 20. Qxc3 Bxc3 21. exd5 exd5 22. Bf3 Re8 23. Bc5 b6 24. Bd6 Bf5 25. Rbc1 Bb2 26. Rcd1 Rad8 27. Be5 Be6 1/2-1/2

[Event "Andalucia-chT Honor Occidental"]
[Site "Andalucia"]
[Date "2018.11.17"]
[Round "5.20"]
[White "Carame Gonzalez, Francisco"]
[Black "Garrido Collantes, Jose Manuel"]
[Result "1-0"]
[WhiteElo "1982"]
[BlackElo "1942"]
[PlyCount "69"]
[EventDate "2018.09.30"]
[EventType "team-tourn"]
[EventRounds "7"]
[EventCountry "ESP"]
[SourceTitle "EXT 2020"]
[Source "ChessBase"]
[SourceDate "2019.10.17"]
[SourceVersion "1"]
[SourceVersionDate "2019.10.17"]
[SourceQuality "1"]
[WhiteTeam "Reina Cristina Algeciras"]
[BlackTeam "Bahia Sur Pai Hotel"]
[WhiteTeamCountry "ESP"]
[BlackTeamCountry "ESP"]

1. e4 d6 2. d4 Nf6 3. f3 Nbd7 4. Be3 e5 5. d5 g6 6. Qd2 Bg7 7. Nc3 a6 8. 0-0-0 b5 9. g4 Nc5 10. h4 h5 11. g5 Nfd7 12. Nh3 0-0 13. Nf2 Nb6 14. Bxc5 dxc5 15. d6 Be6 16. dxc7 Qxc7 17. Nd5 Qb7 18. Nf6+ Kh8 19. f4 exf4 20. Qxf4 Qe7 21. Be2 Bc4 22. Bf3 Rad8 23. e5 Qe6 24. Bxh5 Be2 25. Bxe2 Qxa2 26. Rd6 Na4 27. Nd1 Nxb2 28. h5 Qa1+ 29. Kd2 Rxd6+ 30. exd6 Bxf6 31. Qxf6+ Kg8 32. hxg6 Nc4+ 33. Bxc4 Qxf6 34. gxf6 bxc4 35. g7 1-0

[Event "Andalucia-chT Honor Occidental"]
[Site "Andalucia"]
[Date "2018.11.17"]
[Round "6.5"]
[White "Garrido Collantes, Jose Manuel"]
[Black "Hernandez Munoz, Antonio Ramon"]
[Result "1/2-1/2"]
[WhiteElo "1942"]
[BlackElo "2249"]
[PlyCount "97"]
[EventDate "2018.09.30"]
[EventType "team-tourn"]
[EventRounds "7"]
[EventCountry "ESP"]
[SourceTitle "EXT 2020"]
[Source "ChessBase"]
[SourceDate "2019.10.17"]
[SourceVersion "1"]
[SourceVersionDate "2019.10.17"]
[SourceQuality "1"]
[WhiteTeam "Bahia Sur Pai Hotel"]
[BlackTeam "Oromana CEN Solutions"]
[WhiteTeamCountry "ESP"]
[BlackTeamCountry "ESP"]

1. d4 Nf6 2. Bf4 g6 3. e3 Bg7 4. Nc3 0-0 5. Nf3 d6 6. Bc4 Nc6 7. h3 Nd7 8. Bg5 Na5 9. Be2 c5 10. 0-0 h6 11. Bh4 Rb8 12. Qd2 Nc6 13. Rad1 a6 14. Ne4 g5 15. Bg3 cxd4 16. exd4 Ra8 17. Rfe1 f5 18. Bc4+ Kh8 19. Nexg5 hxg5 20. Qxg5 Rf6 21. Re6 d5 22. Bxd5 Nb6 23. Qh5+ Kg8 24. Rd6+ Nxd5 25. Rxd8+ Nxd8 26. Be5 Rf8 27. Qg6 Nf6 28. Ng5 Ne6 29. Rd3 Nxg5 30. Qxg5 Rf7 31. Bxf6 exf6 32. Qg6 Bd7 33. h4 Rc8 34. h5 Re8 35. Kh2 Re4 36. Rg3 Rh4+ 37. Kg1 Re7 38. f3 f4 39. Rg5 fxg5 40. Qxg5 Re1+ 41. Kf2 Rhh1 42. Qxf4 Bc6 43. Qg4 Rd1 44. c3 Rd2+ 45. Kg3 Rg1 46. Qe6+ Kh7 47. Qf5+ Kg8 48. Qc8+ Kh7 49. Qf5+ 1/2-1/2

[Event "Andalucia-chA"]
[Site "Algeciras"]
[Date "2018.05.19"]
[Round "5"]
[White "Alba Fernandez, Nicolas"]
[Black "Garrido Collantes, Jose Manuel"]
[Result "1/2-1/2"]
[WhiteElo "1800"]
[BlackElo "1951"]
[PlyCount "100"]
[EventDate "2018.05.12"]
[EventType "swiss"]
[EventRounds "8"]
[EventCountry "ESP"]
[SourceTitle "EXT 2020"]
[Source "ChessBase"]
[SourceDate "2019.10.17"]
[SourceVersion "1"]
[SourceVersionDate "2019.10.17"]
[SourceQuality "1"]

1. e4 d6 2. d4 Nf6 3. Nc3 Nbd7 4. Nf3 e5 5. g4 g6 6. Rg1 c6 7. Be3 Qc7 8. a4 a5 9. Bc4 Nb6 10. Bb3 Nxg4 11. Ng5 Nxe3 12. fxe3 Be6 13. Nxe6 fxe6 14. Bxe6 Qe7 15. Qg4 Bg7 16. 0-0-0 Rf8 17. Rgf1 Nd7 18. Qh3 Bf6 19. Kb1 0-0-0 20. Rf3 Rde8 21. d5 Kc7 22. dxc6 bxc6 23. Bxd7 Qxd7 24. Qf1 Qd8 25. Qa6 Kd7 26. Nb5 d5 27. exd5 Ke7 28. Qxc6 Kf7 29. Nd6+ Kg7 30. Nxe8+ Rxe8 31. Rdf1 Rf8 32. Rxf6 Rxf6 33. Qxf6+ Qxf6 34. Rxf6 Kxf6 35. c4 g5 36. Kc2 h5 37. Kd3 g4 38. Ke4 h4 39. c5 Ke7 40. b3 Kd7 41. d6 Kc6 42. h3 g3 43. Kf3 e4+ 44. Kg2 Kd7 45. Kf1 Kc6 46. Kg1 Kd7 47. Kg2 Kc6 48. Kf1 Kd7 49. Ke2 Ke6 50. Ke1 Kd7 1/2-1/2

[Event "Andalucia-chA"]
[Site "Algeciras"]
[Date "2018.05.13"]
[Round "3"]
[White "Millan Gutierrez, Zoilo"]
[Black "Garrido Collantes, Jose Manuel"]
[Result "1-0"]
[WhiteElo "1845"]
[BlackElo "1951"]
[PlyCount "59"]
[EventDate "2018.05.12"]
[EventType "swiss"]
[EventRounds "8"]
[EventCountry "ESP"]
[SourceTitle "EXT 2020"]
[Source "ChessBase"]
[SourceDate "2019.10.17"]
[SourceVersion "1"]
[SourceVersionDate "2019.10.17"]
[SourceQuality "1"]

1. e4 d6 2. d4 Nf6 3. Nc3 Nbd7 4. f3 e5 5. Be3 Be7 6. Bc4 c6 7. Qd2 0-0 8. Nge2 b5 9. Bb3 a5 10. a3 Ba6 11. 0-0 Qc7 12. Kh1 Nb6 13. Rfd1 Rab8 14. g4 Nc4 15. Bxc4 bxc4 16. Rab1 Rfd8 17. Ng3 g6 18. g5 Ne8 19. f4 exd4 20. Bxd4 d5 21. Qf2 Nd6 22. Be5 Rd7 23. Kg1 dxe4 24. Ngxe4 Qc8 25. Nxd6 Bxd6 26. Rxd6 Rxd6 27. Bxd6 Rb7 28. Ne4 Rb5 29. Be5 Qe6 30. Qh4 1-0